Kỹ thuật đồ họa Giáo trình cho sinh viên Đại học Bách Khoa

Đã lưu trong:
書目詳細資料
主要作者: Lê, Tấn Hùng
格式: 圖書
語言:Undetermined
出版: Hà Nội KHKT 2000
主題:
標簽: 添加標簽
沒有標簽, 成為第一個標記此記錄!
Thư viện lưu trữ: Trung tâm Học liệu Trường Đại học Cần Thơ
LEADER 00609nam a2200181Ia 4500
001 CTU_41416
008 210402s9999 xx 000 0 und d
082 |a 006.66 
082 |b H513 
100 |a Lê, Tấn Hùng 
245 0 |a Kỹ thuật đồ họa 
245 0 |b Giáo trình cho sinh viên Đại học Bách Khoa 
245 0 |c Lê Tấn Hùng, Huỳnh Quyết Thắng 
260 |a Hà Nội 
260 |b KHKT 
260 |c 2000 
650 |a computer graphics - computer programs,programming ( electronic computers ) 
980 |a Trung tâm Học liệu Trường Đại học Cần Thơ